فکر ا سلا می (Record no. 170174)

MARC details
000 -LEADER
fixed length control field 00640nam a22001937a 4500
005 - DATE AND TIME OF LATEST TRANSACTION
control field 20191211155528.0
010 ## - LCCN (DPL NO)
LC control number A-795032
020 ## - INTERNATIONAL STANDARD BOOK NUMBER
Terms of availability N.A.
International Standard Book Number -
035 ## - SYSTEM CONTROL NUMBER
System control number A-795032
037 ## - SOURCE OF ACQUISITION
Source of stock number/acquisition BPPD
082 ## - DEWEY DECIMAL CLASSIFICATION NUMBER
Classification number 270
100 ## - MAIN ENTRY--PERSONAL NAME
Personal name خا ن مو لا نا و حيد الد ين
245 ## - TITLE STATEMENT
Title فکر ا سلا می
Statement of responsibility, etc خا ن مو لا نا و حيد الد ين
246 ## - VARYING FORM OF TITLE
Title proper/short title Fikr Islami (Urdu)
Remainder of title Moulana Waheeduddin Khan
260 ## - PUBLICATION, DISTRIBUTION, ETC. (IMPRINT)
Place of publication, distribution, etc Delhi
Date of publication, distribution, etc 1996 ء
Name of publisher, distributor, etc Al Risala BooksThe Islamic Center
270 ## - ADDRESS
Address Nizamuddin West Market,Near Desu
City N.Delhi
Telephone number -
Postal code 110013
300 ## - PHYSICAL DESCRIPTION
Extent 239 ص
Dimensions 22 cm(hb)
942 ## - ADDED ENTRY ELEMENTS (KOHA)
Source of classification or shelving scheme Dewey Decimal Classification
Item type Urdu Bks
Classification part 270
Call number suffix و ح ی
Holdings
Withdrawn status Lost status Not for loan Collection code Home library Current library Date acquired Source of acquisition Cost, normal purchase price Full call number Barcode Copy number Cost, replacement price Koha item type
      Non-fiction Central Library Central Library 11/12/2019 BPPD/Ven. 0.00 270 و ح ی A-795032 1 0.00 Urdu Bks

© Delhi Public Library
Hit Counter
free hit counter